Popularne zawody w polsce - Statystyki

Ogólne statystyki
  • Ten quiz został rozwiązany 137 razy
  • Średni wynik to 16 z 52
Statystyki odpowiedzi
Zawody % Poprawnych
Lekarz
89%
Nauczyciel
82%
Policjant
81%
Strażak
74%
Kucharz
61%
Pielegniarka
54%
Fryzjer/fryzjerka
51%
Prawnik
51%
Informatyk
46%
Malarz
46%
Aktor
43%
Kelner
43%
Sprzątaczka
43%
Hydraulik
42%
Psycholog
37%
Dentysta
35%
Kosmetyczka
33%
Rolnik
33%
Muzyk
29%
Ochroniarz
29%
Piosenkarz
29%
Sędzia
28%
Farmaceuta/aptekarz
27%
Inżynier
27%
Księgowa
27%
Fotograf
26%
Taksówkarz
26%
Cukiernik
25%
Kurier
23%
Ratownik medyczny
23%
Listonosz
22%
Pilot
22%
Dekarz
21%
Dyrektor
20%
Sekretarka
20%
Górnik
19%
Szewc
19%
Barman
18%
Mechanik samochodowy
18%
Spawacz
15%
Niania
14%
Pedagog
14%
Barber
13%
Przedszkolanka
13%
Wozny/wożna
13%
Motorniczy
8%
Stewardessa
8%
Konduktor
7%
Prostytutka
5%
Pracownik budowlany
4%
Pracownik sklepu
3%
Grafik komputerowy
2%
Nie znaleziono quizów pasujących do podanych kryteriów
Rozkład punktacji
Procent ludzi z każdym wynikiem
Percentyl według liczby udzielonych odpowiedzi
Twoja historia wyników
Nie rozwiązałeś tego quizu